LEADER 02273nam 2200589 a 450 001 9910701559603321 005 20130228094343.0 035 $a(CKB)5470000002419491 035 $a(OCoLC)781086213 035 $a(EXLCZ)995470000002419491 100 $a20120321d2011 ua 0 101 0 $aeng 135 $aurbn||||a|||| 181 $ctxt$2rdacontent 182 $cc$2rdamedia 183 $acr$2rdacarrier 200 10$aChina's one-child policy$b[electronic resource] $ethe government's massive crime against women and unborn babies : hearing before the Subcommittee on Africa, Global Health, and Human Rights of the Committee on Foreign Affairs, House of Representatives, One Hundred Twelfth Congress, first session, September 22, 2011 210 1$aWashington :$cU.S. G.P.O.,$d2011. 215 $a1 online resource (iii, 77 pages) 300 $aTitle from title screen (viewed on Mar. 21, 2012). 300 $aPaper version available for sale by the Supt. of Docs., U.S. G.P.O. 300 $a"Serial no. 112-105." 320 $aIncludes bibliographical references. 517 $aChina's one-child policy 606 $aFamily size$xGovernment policy$zChina 606 $aForced abortion$xGovernment policy$zChina 606 $aBirth control$xGovernment policy$zChina 606 $aInvoluntary sterilization$xGovernment policy$zChina 606 $aFamily planning$xGovernment policy$zChina 606 $aReproductive rights$zChina 606 $aWomen's rights$zChina 606 $aSex preselection 606 $aSex ratio$zChina 607 $aChina$xPopulation policy 607 $aUnited States$xForeign relations$zChina 607 $aChina$xForeign relations$zUnited States 615 0$aFamily size$xGovernment policy 615 0$aForced abortion$xGovernment policy 615 0$aBirth control$xGovernment policy 615 0$aInvoluntary sterilization$xGovernment policy 615 0$aFamily planning$xGovernment policy 615 0$aReproductive rights 615 0$aWomen's rights 615 0$aSex preselection. 615 0$aSex ratio 801 0$bGPO 801 1$bGPO 801 2$bGPO 906 $aBOOK 912 $a9910701559603321 996 $aChina's one-child policy$93484382 997 $aUNINA LEADER 01399nim 2200433Ka 450 001 9910136235503321 005 20250814103520.7 010 $a0-7180-9479-4 035 $a(CKB)3710000000915863 035 $a(ODN)ODN0003020873 035 $a(EXLCZ)993710000000915863 100 $a20200830d2016 uy 0 101 0 $aspa 135 $auruna---||||| 181 $cspw$2rdacontent 182 $cs$2rdamedia 182 $cc$2rdamedia 183 $acr$2rdacarrier 200 10$aActitud 101 /$fJohn C Maxwell 205 $aUnabridged. 210 $aGrand Rapids $cGrupo Nelson$d2016 215 $a1 online resource (3 audio files) $cdigital 300 $aUnabridged. 330 $aLos grandes líderes comprenden que la actitud correcta brinda el ambiente adecuado que posibilita que los demás tengan las respuestas apropiadas. 606 $aNonfiction$2OverDrive 606 $aChristian Nonfiction$2OverDrive 606 $aReligion & Spirituality$2OverDrive 606 $aSelf-Improvement$2OverDrive 615 17$aNonfiction. 615 7$aChristian Nonfiction. 615 7$aReligion & Spirituality. 615 7$aSelf-Improvement. 686 $aBUS071000$aBUS107000$aREL012070$2bisacsh 700 $aMaxwell$b John C$0604944 701 $aGonzalez$b Eduardo$0382295 906 $aAUDIO 912 $a9910136235503321 996 $aActitud 101$94425296 997 $aUNINA